000 00856cam a2200289 a 4500
999 _c7508
_d7508
001 7508
003 BD-JhCC
005 20180211103449.0
008 820603s1983 nyu 001 0 eng
020 _a0070161526 (pbk.) :
_c$11.50 (est.)
035 _a(BD-JhCC)7508
040 _aDLC
_cDLC
_dDLC
041 _aeng
050 0 0 _aPE1417
_b.W674 1983
082 0 0 _a808/.0427
_219
245 0 4 _aThe Writer's resource :
_breadings for composition /
_c[edited by] Susan Day, Elizabeth McMahan.
260 _aNew York :
_bMcGraw-Hill,
_cc1983.
300 _a446 p. ;
_c23 cm.
500 _aIncludes index.
650 0 _aCollege readers.
650 0 _aReport writing
_xProblems, exercises, etc.
650 0 _aEnglish language
_xRhetoric.
700 1 _aDay, Susan
_d1950 October 12-
700 1 _aMcMahan, Elizabeth.
942 _2ddc
_cBK